NFL Rushing Leaders: Pittsburgh Steelers - Statistics

General Stats
  • This quiz has been taken 95 times
  • The average score is 5 of 10
Answer Stats
Rank Player Yards Years w/ Team % Correct
1 FrancoHarris 11950 1972-1983
98%
2 JeromeBettis 10571 1996-2005
98%
4 Le'VeonBell 5336 2013-2017
94%
3 WillieParker 5378 2004-2009
73%
10 RashardMendenhall 3549 2008-2012
53%
8 BarryFoster 3943 1990-1994
38%
9 RockyBleier 3865 1968-1980
29%
5 John HenryJohnson 4381 1960-1965
20%
6 FrankPollard 3989 1980-1988
6%
7 DickHoak 3965 1961-1970
5%
No matching quizzes found
Score Distribution
Percent of People with Each Score
Percentile by Number Answered
Your Score History
You have not taken this quiz